| 000 | 01055nam a22003617a 4500 | ||
|---|---|---|---|
| 001 | BR2023000536 | ||
| 003 | BR-BrBNA | ||
| 005 | 20230601154735.0 | ||
| 008 | 230517b bl.||||| |||| 00| 0 por d | ||
| 020 | _a978-85-7333-544-6 | ||
| 040 |
_aBR-BrBNA _bpor |
||
| 041 | _apor | ||
| 072 |
_aE14 ; B50 ; C10 _b5240 ; 5250 |
||
| 090 | _a5240 BR2023000536 | ||
| 100 | _aDuarte, Renata Barbosa de Araújo (ed.) | ||
| 110 | _aServiço Brasileiro de Apoio às Micro e Pequenas Empresas, Brasília, DF (Brazil) | ||
| 245 | _aHistórias de sucesso - agronegócios: ovinocaprinocultura | ||
| 260 |
_aBrasília, DF (Brazil) : _bSEBRAE/DF, _c2008 |
||
| 300 |
_a40 p. _bil. |
||
| 500 | _a2 ref.; 2 illus. | ||
| 650 | _aOVINOCULTURA | ||
| 650 | _aCAPRINOCULTURA | ||
| 650 | _aHISTÓRIA | ||
| 650 | _aASSOCIATIVISMO | ||
| 650 | _aGESTÃO | ||
| 650 | _aINOVAÇÃO | ||
| 650 | _aDESENVOLVIMENTO AGRÍCOLA | ||
| 650 | _aAGRONEGÓCIO | ||
| 650 | _aDESENVOLVIMENTO SUSTENTÁVEL | ||
| 650 | _aMÉTODO | ||
| 909 |
_a202305 _bFernando |
||
| 942 | _cBK | ||
| 999 |
_c9141 _d9141 |
||